| 000 | 00720nam a2200241 a 4500 | ||
|---|---|---|---|
| 003 | AR-BaBNM | ||
| 005 | 20251128203512.0 | ||
| 008 | 082120s2002 ||||||||||||||000 | spa|| | ||
| 040 | _cAR-BaBNM | ||
| 100 | 1 | _aMartínez Urrutia, Luis | |
| 245 | 0 | 0 | _aProfetas heróicos |
| 260 |
_aMercedes _bJuan Perrotti _c1957 |
||
| 300 | _a93 p. | ||
| 490 | 0 |
_aBiblioteca popular Sarmiento _vv. 7 |
|
| 500 | _aDiscursos pronunciados por el autor en ocasión de diversos actos públicos de trascendentes celebraciones | ||
| 600 | 1 | 4 | _aSan Martín, José de |
| 600 | 1 | 4 |
_aSarmiento, Domingo Faustino _d1868-1874 |
| 650 | 4 | _aHISTORIA ARGENTINA | |
| 650 | 4 | _aDISCURSOS | |
| 650 | 4 | _aANTOLOGIAS | |
| 942 | _cBK | ||
| 998 | _cisola | ||
| 999 |
_c3672 _d3672 |
||